[Event "SG Kaltern/Tramin 2 - SK Steinegg"]
[Site "?"]
[Date "2014.12.13"]
[Round "4.5"]
[White "Schgaguler, Guenther"]
[Black "Filosi, Gianluigi"]
[Result "0-1"]
[WhiteElo "1448"]
[BlackElo "1704"]
[PlyCount "88"]
[EventDate "2014.??.??"]

1. e4 e6 2. d4 d5 3. exd5 exd5 4. Nf3 Nf6 5. Bd3 Bd6 6. Be3 O-O 7. h3 b6 8. c3
Re8 9. Nbd2 c5 10. O-O Nc6 11. Re1 Ne4 12. Nf1 f5 13. Bb5 Qc7 14. Ng5 c4 15.
Nxe4 fxe4 16. f3 Bf5 17. Qa4 Bd7 18. Qd1 a6 19. Bxc6 Bxc6 20. fxe4 Rxe4 21. Nd2
Re6 22. Nf3 Rae8 23. Bf2 Bd7 24. Rxe6 Rxe6 25. Qc2 Rg6 26. Nh4 Rf6 27. Rf1 Bh2+
28. Kh1 Bg3 29. Nf3 Bxh3 30. Ng5 Bf5 31. Qe2 Rh6+ 32. Nh3 Rxh3+ 33. Kg1 Be4 34.
Qg4 Bxf2+ 35. Kxf2 Qf7+ 36. Ke1 Re3+ 37. Kd2 Qxf1 38. Kxe3 Qf5 39. Qg3 h6 40.
Qb8+ Kh7 41. Qg3 Qf1 42. Kd2 Qxg2+ 43. Qxg2 Bxg2 44. b3 b5 0-1

[Event "ASD Arci Scacchi-SK Gries"]
[Site "?"]
[Date "2014.12.13"]
[Round "4.1"]
[White "Spornberger, Maximilian"]
[Black "Seresin, Francesco"]
[Result "1/2-1/2"]
[WhiteElo "2289"]
[BlackElo "1826"]
[PlyCount "73"]
[EventDate "2015.??.??"]

1. e4 e5 2. Nf3 Nc6 3. Bc4 Nf6 4. d4 exd4 5. e5 d5 6. Bb5 Ne4 7. Nxd4 Bc5 8.
Be3 O-O 9. Nxc6 bxc6 10. Bxc5 Nxc5 11. Bxc6 Rb8 12. Qxd5 Qe7 13. O-O Rxb2 14.
Na3 Rd8 15. Qf3 Be6 16. Qc3 Rxa2 17. Nb5 Rxa1 18. Rxa1 a6 19. Nd4 Bd5 20. Qb4
Qg5 21. g3 Ne6 22. Bxd5 Rxd5 23. Nxe6 fxe6 24. Rxa6 Qxe5 25. Ra8+ Kf7 26. Rf8+
Kg6 27. Qg4+ Kh6 28. Qh4+ Kg6 29. Qg4+ Kh6 30. Rh8 Qf5 31. Qh4+ Qh5 32. Qe4 Qf5
33. Qe3+ Kg6 34. c4 Re5 35. Qd2 Qb1+ 36. Kg2 Qe4+ 37. Kg1 1/2-1/2

[Event "ASD Arci Scacchi-SK Gries"]
[Site "?"]
[Date "2014.12.13"]
[Round "4.2"]
[White "Olivetti, Davide"]
[Black "Spornberger, Andre"]
[Result "0-1"]
[WhiteElo "1930"]
[BlackElo "2122"]
[PlyCount "68"]

1. e4 e6 2. d4 d5 3. Nd2 Nf6 4. e5 Nfd7 5. f4 c5 6. c3 Nc6 7. Ndf3 cxd4 8. cxd4
a5 9. Bd3 a4 10. Ne2 Nb6 11. O-O Be7 12. Qe1 Bd7 13. Qg3 g6 14. h4 Nb4 15. Bb1
Bb5 16. Re1 Nd3 17. Bxd3 Bxd3 18. Nc3 Nc4 19. Qf2 Bf5 20. g3 Qb6 21. Nh2 h5 22.
Nf1 Bb4 23. Nd2 Na3 24. Nce4 Bxe4 25. Nxe4 dxe4 26. bxa3 Bxe1 27. Qxe1 O-O 28.
Qxe4 Rfd8 29. Be3 Qb2 30. Rb1 Qxa3 31. Rxb7 Qxa2 32. g4 Qd5 33. Qxd5 Rxd5 34.
gxh5 gxh5 0-1

[Event "ASD Arci Scacchi-SK Gries"]
[Site "?"]
[Date "2014.12.13"]
[Round "4.4"]
[White "Adzic, Ranko"]
[Black "Fongarolli, Diego"]
[Result "0-1"]
[WhiteElo "1894"]
[BlackElo "1944"]
[PlyCount "96"]
[EventDate "2015.??.??"]

1. Nf3 c5 2. g3 d5 3. d4 cxd4 4. Bg2 Nc6 5. Nxd4 Nf6 6. O-O Qb6 7. Nxc6 bxc6 8.
c4 e6 9. Be3 Qxb2 10. Bd4 Qb4 11. Bxf6 gxf6 12. cxd5 cxd5 13. Nd2 Bh6 14. f4
Ba6 15. Re1 Rc8 16. Rb1 Qc5+ 17. Kh1 Qc2 18. Qxc2 Rxc2 19. Rb8+ Rc8 20. Rxc8+
Bxc8 21. e4 d4 22. e5 fxe5 23. Rxe5 O-O 24. Be4 Bg7 25. Ra5 a6 26. Bc6 Rd8 27.
Kg2 d3 28. Ra3 Bb2 29. Rb3 Bc1 30. Nc4 d2 31. Bf3 Kg7 32. Ne3 Rd4 33. Bd1 Bd7
34. Rb6 Bb5 35. f5 e5 36. f6+ Kg6 37. Rb8 Rd6 38. Ng4 Bb2 39. h4 Kf5 40. Nf2
Bc6+ 41. Kh2 Bd4 42. g4+ Kxf6 43. g5+ Ke7 44. Ng4 e4 45. Rc8 Bd7 46. Rc7 Ke8
47. Rb7 Bxg4 48. Bxg4 Be5+ 0-1

[Event "ASD Arci Scacchi-SK Gries"]
[Site "?"]
[Date "2014.12.13"]
[Round "4.5"]
[White "Zammarchi, Massimo"]
[Black "Pichler, Klaus"]
[Result "1-0"]
[WhiteElo "1744"]
[BlackElo "1909"]
[PlyCount "71"]

1. e4 d5 2. exd5 Qxd5 3. Nc3 Qd6 4. d4 Nf6 5. Nf3 a6 6. g3 Bg4 7. h3 Bh5 8. Bg2
Nc6 9. Be3 e6 10. g4 Bg6 11. Ne5 Nb4 12. Nxg6 hxg6 13. a3 Nbd5 14. Nxd5 exd5
15. Qd3 O-O-O 16. O-O-O Nd7 17. c4 c6 18. Kb1 Nf6 19. c5 Qc7 20. b4 b5 21. cxb6
Qxb6 22. Rc1 Kd7 23. Ka2 Bd6 24. Rc2 Ra8 25. Rhc1 Rhc8 26. g5 Nh5 27. Bf3 Rc7
28. Bxh5 gxh5 29. Qf5+ Ke8 30. g6 a5 31. gxf7+ Kf8 32. b5 a4 33. Qh7 Kxf7 34.
Qf5+ Ke8 35. Qxh5+ Rf7 36. Rb2 1-0

[Event "ASD Arci Scacchi-SK Gries"]
[Site "?"]
[Date "2015.02.06"]
[Round "4.6"]
[White "Rinaldo, Gaetano"]
[Black "NiederstANtter, Harald"]
[Result "0-1"]
[WhiteElo "1658"]
[BlackElo "1920"]
[PlyCount "47"]

1. g3 f5 2. Nf3 Nf6 3. c4 d6 4. Bg2 e5 5. d3 Be7 6. Nc3 O-O 7. Bg5 c6 8. O-O
Na6 9. Rb1 Nc5 10. b4 Ne6 11. b5 Bd7 12. Bd2 Qc7 13. e3 Rac8 14. Nh4 g6 15. Rb2
Nc5 16. Qc2 g5 17. Nf3 g4 18. Nh4 Ne8 19. f3 Bxh4 20. gxh4 gxf3 21. Rxf3 Kh8
22. Ne4 Ne6 23. Nc3 N8g7 24. Bh3 0-1

[Event "Ehrenburg/Hotel Gisser-Klausen"]
[Site "?"]
[Date "2015.01.17"]
[Round "4.1"]
[White "Schacher, Gerd"]
[Black "Hengl, Christian"]
[Result "1-0"]
[WhiteElo "2176"]
[BlackElo "2323"]
[PlyCount "75"]

1. c4 e5 2. g3 Nc6 3. Nc3 g6 4. Bg2 Bg7 5. Rb1 d6 6. b4 f5 7. d3 Nf6 8. b5 Ne7
9. Nf3 h6 10. O-O O-O 11. Qb3 Be6 12. Nd2 Nd7 13. Qc2 c6 14. Ba3 Qc7 15. bxc6
bxc6 16. Rfc1 Rab8 17. Rxb8 Rxb8 18. Qa4 Bf7 19. Bb4 Rb7 20. Qa3 Nc8 21. Nb3
Qb6 22. Bxd6 Nxd6 23. Qxd6 e4 24. dxe4 Ne5 25. exf5 gxf5 26. c5 Qb4 27. Qd8+
Kh7 28. Qc8 Bg6 29. Bxc6 Rb8 30. Qc7 Nxc6 31. Qxc6 f4 32. Nd5 Qe4 33. Qc7 Rf8
34. Nxf4 Rf7 35. Qd6 Rf6 36. Qd2 Bf5 37. f3 Qe7 38. Nd5 1-0

[Event "Ehrenburg/Hotel Gisser-Klausen"]
[Site "?"]
[Date "2015.01.17"]
[Round "4.2"]
[White "Jedinger, Andreas"]
[Black "Seebacher, Reinhard"]
[Result "1-0"]
[WhiteElo "2131"]
[BlackElo "1870"]
[PlyCount "103"]

1. c4 c6 2. Nf3 d5 3. d4 Nf6 4. Qc2 g6 5. g3 Bg7 6. Bg2 O-O 7. O-O Ne4 8. Rd1
Bf5 9. Nh4 Nxg3 10. Nxf5 Nxf5 11. e3 e6 12. Qe2 Nd7 13. Nc3 Nh4 14. Bh3 Qf6 15.
f4 Nf5 16. Bd2 Rad8 17. b3 Nd6 18. Rac1 Qh4 19. Bg2 Nf6 20. Be1 Qg4 21. Qf1
Nde4 22. Ne2 Qf5 23. Qf3 h5 24. Bh4 Rd7 25. Bh3 Ng4 26. Be1 Ng5 27. Qg3 Nxh3+
28. Qxh3 Qe4 29. Bf2 Bf6 30. Qg3 Kg7 31. h3 Nxf2 32. Qxf2 h4 33. Kh2 Rh8 34.
Nc3 Qf5 35. Qf3 Qh5 36. Qg2 Qf5 37. Rd2 Rhd8 38. c5 Rh8 39. Rg1 Rdd8 40. Qf1
Be7 41. Rdg2 Rh5 42. Qe2 Rdh8 43. b4 Bd8 44. Nd1 Bc7 45. Nf2 Bxf4+ 46. exf4
Qxf4+ 47. Kh1 Qxd4 48. Rg4 Re5 49. Qc2 Qe3 50. Rxg6+ Kf8 51. Rf6 Rg8 52. Rxf7+
1-0

[Event "Ehrenburg/Hotel Gisser-Klausen"]
[Site "?"]
[Date "2015.01.17"]
[Round "4.4"]
[White "Babinetz, Rainer"]
[Black "Schrott, Ernst"]
[Result "1/2-1/2"]
[WhiteElo "1940"]
[BlackElo "1897"]
[PlyCount "32"]

1. d4 d5 2. c4 dxc4 3. Nf3 Nf6 4. e3 c5 5. Bxc4 e6 6. O-O Be7 7. Qe2 O-O 8. Rd1
Qc7 9. Nc3 a6 10. a4 Nc6 11. Bd2 Na5 12. Ba2 Bd7 13. Rac1 c4 14. Bb1 Nb3 15.
Rc2 Na1 16. Rcc1 Nb3 1/2-1/2

[Event "Ehrenburg/Hotel Gisser-Klausen"]
[Site "?"]
[Date "2015.01.17"]
[Round "4.5"]
[White "Seebacher, Michael"]
[Black "Gruber, Alexander"]
[Result "1/2-1/2"]
[WhiteElo "1575"]
[BlackElo "1763"]
[PlyCount "55"]

1. e4 e6 2. d4 d5 3. exd5 exd5 4. Bd3 Bd6 5. c3 c6 6. h3 Nf6 7. Nf3 O-O 8. O-O
Be6 9. Re1 Qc7 10. Qc2 h6 11. Be3 Nbd7 12. Nbd2 Rfe8 13. Nh4 Re7 14. Bf5 Rae8
15. Nf1 Bf4 16. g3 Bxe3 17. Nxe3 Bxf5 18. Nexf5 Re6 19. Ng2 Nf8 20. Rad1 Qd7
21. Rxe6 Rxe6 22. Nf4 Re8 23. Kg2 Ne4 24. Ne3 Ne6 25. Nd3 N6g5 26. Rh1 Qc7 27.
Re1 Qd7 28. Rh1 1/2-1/2

[Event "Ehrenburg/Hotel Gisser-Klausen"]
[Site "?"]
[Date "2015.01.17"]
[Round "4.6"]
[White "Falkensteiner, Benjamin"]
[Black "Sigmund, Ingenuin"]
[Result "1/2-1/2"]
[WhiteElo "1506"]
[BlackElo "1772"]
[PlyCount "82"]
[EventDate "2015.??.??"]

1. e4 e6 2. d4 d5 3. exd5 exd5 4. Nc3 Bb4 5. Bd2 Nf6 6. Bd3 Bg4 7. Nf3 O-O 8.
O-O c6 9. h3 Bh5 10. Be2 Qd6 11. Ne5 Bxe2 12. Nxe2 Bxd2 13. Qxd2 Nbd7 14. Qf4
Qb4 15. Nd3 Qb6 16. c3 Rae8 17. Ng3 Ne4 18. Rfe1 Nxg3 19. Qxg3 g6 20. b4 Qd8
21. a4 Nf6 22. f3 Rxe1+ 23. Rxe1 Re8 24. Ne5 Re6 25. a5 Qe8 26. Kf2 Nh5 27. Qg4
f6 28. Nd3 Rxe1 29. Nxe1 Qe7 30. Qc8+ Kg7 31. Nd3 Kh6 32. g3 Qd6 33. f4 b6 34.
axb6 axb6 35. Qb7 g5 36. Kf3 Qe6 37. Nf2 gxf4 38. gxf4 Qf5 39. Qc7 Qc2 40. Qxc6
Qf5 41. Qd6 Ng7 1/2-1/2

[Event "J. Richter/Lask BZ-Naturns Jambo"]
[Site "?"]
[Date "2014.12.13"]
[Round "4.1"]
[White "Mukic, Josko"]
[Black "De Eccher, Stefano"]
[Result "1-0"]
[WhiteElo "2270"]
[BlackElo "2233"]
[PlyCount "87"]
[EventDate "2014.??.??"]

1. Nf3 d5 2. b3 Bf5 3. Bb2 e6 4. g3 Nf6 5. Bg2 h6 6. d3 Be7 7. Nbd2 O-O 8. O-O
Bh7 9. e3 a5 10. a3 b5 11. Qe2 c5 12. Ne5 Nfd7 13. Nxd7 Nxd7 14. e4 Nb6 15.
Rae1 Ra7 16. f4 Bf6 17. Bxf6 Qxf6 18. e5 Qe7 19. g4 a4 20. f5 exf5 21. gxf5 f6
22. exf6 Qxe2 23. Rxe2 Rxf6 24. Re5 axb3 25. Nxb3 c4 26. dxc4 bxc4 27. Nd4 Rxa3
28. Rb1 Ra5 29. Re8+ Kf7 30. Rb8 Nd7 31. R8b7 Rd6 32. Nb5 Rxb5 33. R1xb5 Bxf5
34. Rxd5 Rxd5 35. Bxd5+ Ke7 36. c3 Kd6 37. Bxc4 g5 38. Be2 Be4 39. Rb4 Bc6 40.
Bb5 Ne5 41. Bxc6 Kxc6 42. Rb8 h5 43. Rg8 h4 44. h3 1-0

[Event "J. Richter/Lask BZ-Naturns Jambo"]
[Site "?"]
[Date "2014.12.13"]
[Round "4.2"]
[White "Moncher, Stefano"]
[Black "Fox, Jonas"]
[Result "1-0"]
[WhiteElo "2182"]
[BlackElo "1930"]
[PlyCount "43"]
[EventDate "2014.??.??"]

1. e4 e6 2. Nf3 d5 3. Nc3 Nf6 4. e5 Nfd7 5. d4 c5 6. dxc5 Bxc5 7. Bd3 Nc6 8.
Qe2 a6 9. O-O Qc7 10. Bf4 Nd4 11. Nxd4 Bxd4 12. Rae1 Nc5 13. Qg4 g6 14. Qh4
Nxd3 15. cxd3 Bc5 16. Nxd5 exd5 17. Qf6 Rf8 18. e6 Qb6 19. exf7+ Kd7 20. Qe5
Kc6 21. Qe8+ Bd7 22. Re6+ 1-0

[Event "J. Richter/Lask BZ-Naturns Jambo"]
[Site "?"]
[Date "2014.12.13"]
[Round "4.3"]
[White "Unterthurner, Hans"]
[Black "Billio, Atto"]
[Result "0-1"]
[WhiteElo "2010"]
[BlackElo "2017"]
[PlyCount "42"]
[EventDate "2014.??.??"]

1. e4 c5 2. c3 Nf6 3. e5 Nd5 4. d4 cxd4 5. cxd4 e6 6. Nf3 Be7 7. Bc4 Nb6 8. Bb3
d6 9. Nc3 dxe5 10. Nxe5 N8d7 11. Qg4 O-O 12. Bh6 Bf6 13. Bf4 Kh8 14. Rd1 Nd5
15. Nxd5 exd5 16. Qg3 Qa5+ 17. Bd2 Qb5 18. Bc3 Re8 19. Kd2 Bxe5 20. dxe5 Nc5
21. Bd4 Ne4+ 0-1

[Event "J. Richter/Lask BZ-Naturns Jambo"]
[Site "?"]
[Date "2014.12.13"]
[Round "4.4"]
[White "Bevilacqua, Maurizio"]
[Black "Gurschler, Thomas"]
[Result "1/2-1/2"]
[WhiteElo "2017"]
[BlackElo "1818"]
[PlyCount "88"]
[EventDate "2014.??.??"]

1. d4 g6 2. e4 Bg7 3. Nc3 c6 4. Be3 d5 5. f3 dxe4 6. fxe4 Nf6 7. Nf3 O-O 8. Bd3
Qc7 9. Qd2 b5 10. a3 a6 11. O-O Bb7 12. Kh1 Nbd7 13. Bf4 Qd8 14. b4 Nb6 15. e5
Nfd5 16. Ne4 Nxf4 17. Qxf4 Nd5 18. Qh4 f6 19. Nc5 Bc8 20. e6 Nc3 21. Qe1 Nd5
22. a4 Nf4 23. axb5 Nxd3 24. Nxd3 cxb5 25. Qe4 Rb8 26. Nc5 Qb6 27. c3 Rd8 28.
h4 Qd6 29. h5 Qd5 30. Qxd5 Rxd5 31. hxg6 hxg6 32. Rfe1 Rb6 33. Re2 Rdd6 34.
Rae1 Bh6 35. Kh2 Kf8 36. Kg3 Kg8 37. Kh4 Kg7 38. Nh2 Bg5+ 39. Kg3 Bb7 40. Nf3
Bh6 41. Nd7 Rbc6 42. Nc5 Rb6 43. Nd7 Rbc6 44. Nc5 Rb6 1/2-1/2

[Event "J. Richter/Lask BZ-Naturns Jambo"]
[Site "?"]
[Date "2014.12.13"]
[Round "4.5"]
[White "Gurschler, Gregor"]
[Black "Rigo, Gianfranco"]
[Result "1/2-1/2"]
[WhiteElo "1792"]
[BlackElo "1895"]
[PlyCount "100"]
[EventDate "2014.??.??"]

1. e4 Nf6 2. Nc3 d5 3. exd5 Nxd5 4. Bc4 e6 5. Qe2 Be7 6. d4 Nb6 7. Nf3 Nxc4 8.
Qxc4 c6 9. Be3 Nd7 10. O-O O-O 11. Ne4 Nf6 12. Nxf6+ Bxf6 13. Qe2 Qa5 14. c3 b6
15. Qd2 Ba6 16. Rfe1 Rad8 17. Bg5 Bxg5 18. Qxg5 Rd5 19. Qe3 c5 20. dxc5 Rd3 21.
Qe4 Qxc5 22. Rad1 Rfd8 23. Rxd3 Bxd3 24. Qf4 Qc4 25. Qg5 f6 26. Qe3 e5 27. Ra1
Bg6 28. b3 Qe4 29. Qxe4 Bxe4 30. Ne1 Rd2 31. f3 Bb7 32. a4 e4 33. fxe4 Bxe4 34.
b4 Kf7 35. b5 Ke6 36. a5 Kd6 37. axb6 axb6 38. Ra7 g5 39. Rf7 f5 40. Rxh7 Kc5
41. Rh5 g4 42. h3 g3 43. Kf1 Kc4 44. Rg5 f4 45. h4 Kxc3 46. Re5 Bd5 47. Nf3
Bxf3 48. gxf3 Rh2 49. h5 Kd2 50. Kg1 Kd3 1/2-1/2

[Event "J. Richter/Lask BZ-Naturns Jambo"]
[Site "?"]
[Date "2014.12.13"]
[Round "4.6"]
[White "Kowalczky, Martin"]
[Black "Naegele, Norbert"]
[Result "1/2-1/2"]
[WhiteElo "1822"]
[BlackElo "1849"]
[PlyCount "65"]
[EventDate "2014.??.??"]

1. e4 c5 2. Nf3 d6 3. d4 cxd4 4. Qxd4 a6 5. c4 Nc6 6. Qd2 g6 7. Nc3 Bg7 8. Be2
Nf6 9. O-O O-O 10. Rb1 Bg4 11. h3 Bxf3 12. Bxf3 Qa5 13. b3 Rfc8 14. Na4 Qc7 15.
Qe3 Nd7 16. Nc3 Qa5 17. Bd2 Bd4 18. Qe1 b5 19. Nxb5 Qxa2 20. Nxd4 Nxd4 21. Bg4
Nxb3 22. Rxb3 Qxb3 23. Bxd7 Rxc4 24. e5 d5 25. e6 f6 26. Qb1 Rb8 27. Qxb3 Rxb3
28. Ra1 Rb6 29. Ba5 Rb8 30. Kf1 Rc2 31. Ba4 Rc4 32. Bd7 Rc2 33. Ba4 1/2-1/2